header

Eliminating weapons of mass destruction (Record no. 206401)

MARC details
000 -LEADER
fixed length control field 01384nam a2200337Ia 4500
082 04 - DEWEY DECIMAL CLASSIFICATION NUMBER
Classification number 327.1/745
100 1# - MAIN ENTRY--AUTHOR NAME
Personal name Andemicael, Berhanykun.
245 10 - TITLE STATEMENT
Title Eliminating weapons of mass destruction
260 ## - PUBLICATION, DISTRIBUTION, ETC. (IMPRINT)
Place of publication New York :
Name of publisher Palgrave Macmillan,
Year of publication 2005.
300 ## - PHYSICAL DESCRIPTION
Number of Pages xvii, 242 p.
490 1# - SERIES STATEMENT
Series statement Global issues
650 #0 - SUBJECT ADDED ENTRY--TOPICAL TERM
Topical Term Nuclear nonproliferation.
Topical Term Nuclear arms control.
700 1# - ADDED ENTRY--PERSONAL NAME
Personal name Mathiason, John,
856 40 - ELECTRONIC LOCATION AND ACCESS
Uniform Resource Identifier http://site.ebrary.com/lib/rucke/Doc?id=10103741

No items available.

© 2026 Rongo University
Contact us: librarian | system librarian | Rongo university